[Event "Skakligaen"]
[Site "Danmark"]
[Date "2019.02.24"]
[Round "7.8"]
[White "Wilbrandt, Simon Pil"]
[Black "Pedersen, Lars"]
[Result "0-1"]
[WhiteElo "2097"]
[BlackElo "2093"]
[EventDate "2018.10.27"]
[EventType "team-tourn"]
[EventRounds "9"]
[EventCountry "Danmark"]
[WhiteTeam "Jetsmark"]
[BlackTeam "Evans"]
[WhiteTeamCountry "DEN"]
[BlackTeamCountry "DEN"]
[WhiteFideId "1436988"]
[BlackFideId "1410440"]

1. d4 Nf6 2. c4 e6 3. Nc3 Bb4 4. f3 d5 5. a3 Bxc3+ 6. bxc3 c5 7. cxd5 Nxd5 8. dxc5 Qa5 9. e4 Ne7 10. Qb3 O-O 11. Bb5 a6 12. Qb4 Qxb5 13. a4 Qd3 14. Bg5 Nbc6 15. Qb3 Nd4 16. Qd1 Qxc3+ 17. Kf2 Nec6 18. Rc1 Qa5 19. e5 h6 20. Bh4 Nf5 21. Rc4 Nxh4 22. Rxh4 Qxc5+ 23. Kg3 Rd8 24. Qb1 Ne7 25. Rg4 Qxe5+ 26. f4 Qe3+ 27. Nf3 Nf5+ 28. Kh3 Qd3 29. Qb2 b5 30. Rc1 Bb7 31. Rc3 Qd5 32. Re3 Qd1 33. Qf6 Bxf3 34. Rxf3 Rd3  0-1

[Event "Skakligaen"]
[Site "Danmark"]
[Date "2019.02.24"]
[Round "7.1"]
[White "Brunello, Sabino"]
[Black "Hansen, Sune Berg"]
[Result "1/2-1/2"]
[WhiteElo "2538"]
[BlackElo "2587"]
[EventDate "2018.10.27"]
[EventType "team-tourn"]
[EventRounds "9"]
[EventCountry "Danmark"]
[WhiteTeam "Koge"]
[BlackTeam "Hillerod"]
[WhiteTeamCountry "DEN"]
[BlackTeamCountry "DEN"]
[WhiteFideId "813613"]
[BlackFideId "1400266"]

1. d4 Nf6 2. c4 e6 3. Nf3 Bb4+ 4. Bd2 a5 5. g3 d6 6. Bg2 Nbd7 7. O-O e5 8. e3 Bxd2 9. Nfxd2 O-O 10. Nc3 c6 11. a3 exd4 12. exd4 d5 13. cxd5 cxd5 14. Rc1 Nb6 15. Re1 Be6 16. Qe2 Re8 17. Qb5 Bd7 18. Rxe8+  1/2-1/2

[Event "Skakligaen"]
[Site "Danmark"]
[Date "2019.02.24"]
[Round "7.2"]
[White "Schandorff, Lars"]
[Black "Chatalbashev, Boris"]
[Result "1-0"]
[WhiteElo "2496"]
[BlackElo "2525"]
[EventDate "2018.10.27"]
[EventType "team-tourn"]
[EventRounds "9"]
[EventCountry "Danmark"]
[WhiteTeam "Hillerod"]
[BlackTeam "Koge"]
[WhiteTeamCountry "DEN"]
[BlackTeamCountry "DEN"]
[WhiteFideId "1400070"]
[BlackFideId "2900440"]

1. c4 e5 2. Nc3 d6 3. Nf3 f5 4. g3 Nf6 5. Bg2 Be7 6. d4 e4 7. Ng5 O-O 8. f3 exf3 9. exf3 c5 10. d5 f4 11. Qd3 g6 12. Bh3 Bxh3 13. Nxh3 fxg3 14. hxg3 Nh5 15. g4 Ng3 16. Rg1 Bh4 17. Kd1 Nd7 18. f4 Qf6 19. Rxg3 Bxg3 20. Qxg3 Qd4+ 21. Kc2 Qxc4 22. Ng5 b5 23. b3 Qf1 24. Ne6 b4 25. Bb2 Qa6 26. Nc7 Qa5 27. Nxa8 bxc3 28. Bxc3 Qa6 29. Nc7 Qe2+ 30. Bd2 Qe4+ 31. Qd3 Qg2 32. Qe3 Rf7 33. Rg1 Qh2 34. Qg3 Qxg3 35. Rxg3 Nb6 36. Nb5  1-0

[Event "Skakligaen"]
[Site "Danmark"]
[Date "2019.02.24"]
[Round "7.3"]
[White "Rozentalis, Eduardas"]
[Black "Borge, Nikolaj"]
[Result "1-0"]
[WhiteElo "2539"]
[BlackElo "2372"]
[EventDate "2018.10.27"]
[EventType "team-tourn"]
[EventRounds "9"]
[EventCountry "Danmark"]
[WhiteTeam "Koge"]
[BlackTeam "Hillerod"]
[WhiteTeamCountry "DEN"]
[BlackTeamCountry "DEN"]
[WhiteFideId "12800023"]
[BlackFideId "1400312"]

1. e4 c5 2. Nf3 e6 3. c3 Nf6 4. e5 Nd5 5. g3 Nc6 6. Bg2 f6 7. d4 cxd4 8. cxd4 Bb4+ 9. Bd2 b6 10. O-O Ba6 11. Re1 Rc8 12. a3 Bxd2 13. Nbxd2 f5 14. Qa4 b5 15. Qd1 Na5 16. Nh4 O-O 17. Bxd5 exd5 18. b4 Nc4 19. Nb3 Rc6 20. Nc5 Bc8 21. Qf3 Nb6 22. Qd3 f4 23. Nf5 Rxf5 24. Qxf5 d6 25. e6 dxc5 26. Qf7+  1-0

[Event "Skakligaen"]
[Site "Danmark"]
[Date "2019.02.24"]
[Round "7.4"]
[White "Jaksland, Tim"]
[Black "Tikkanen, Hans"]
[Result "1-0"]
[WhiteElo "2228"]
[BlackElo "2510"]
[EventDate "2018.10.27"]
[EventType "team-tourn"]
[EventRounds "9"]
[EventCountry "Danmark"]
[WhiteTeam "Hillerod"]
[BlackTeam "Koge"]
[WhiteTeamCountry "DEN"]
[BlackTeamCountry "DEN"]
[WhiteFideId "1401084"]
[BlackFideId "1706446"]

1. Nf3 Nf6 2. c4 g6 3. b3 Bg7 4. Bb2 O-O 5. g3 c6 6. Bg2 d6 7. d4 a5 8. Nc3 Qc7 9. O-O Na6 10. h3 e5 11. e4 Bd7 12. Re1 Rfe8 13. Qd2 exd4 14. Nxd4 Nc5 15. Rad1 Re7 16. Qc2 Rae8 17. Re2 Qb6 18. Kh2 h5 19. f3 h4 20. g4 Nh7 21. Qd2 g5 22. Ree1 a4 23. b4 Be5+ 24. Kh1 Ne6 25. Nf5 Bf4 26. Nxa4 Bxd2 27. Nxb6 Bxb4 28. Re2 Nf4 29. Nxe7+ Rxe7 30. Rc2 f6 31. c5 d5 32. exd5 cxd5 33. a3 Ba5 34. Nxd7 Rxd7 35. c6 bxc6 36. Rxc6 Kf7 37. Bf1 Bd8 38. Bc1 Nf8 39. Bxf4 gxf4 40. Rc5 d4 41. Bc4+ Ke7 42. Re1+ Kd6 43. Rd5+ Kc6 44. Rf5 Rd6 45. Bd3 Ng6 46. Rc1+ Kd7 47. Kg2 Be7 48. Rb5 Ne5 49. Rb7+ Ke8 50. Rcc7 Nxd3 51. Rxe7+ Kd8 52. Rh7 Kc8 53. Ra7 Kb8 54. Rad7 Re6 55. Rd8#  1-0

[Event "Skakligaen"]
[Site "Danmark"]
[Date "2019.02.24"]
[Round "7.5"]
[White "Danielsen, Henrik"]
[Black "Ostergaard, Jens"]
[Result "1-0"]
[WhiteElo "2493"]
[BlackElo "2206"]
[EventDate "2018.10.27"]
[EventType "team-tourn"]
[EventRounds "9"]
[EventCountry "Danmark"]
[WhiteTeam "Koge"]
[BlackTeam "Hillerod"]
[WhiteTeamCountry "DEN"]
[BlackTeamCountry "DEN"]
[WhiteFideId "1400185"]
[BlackFideId "1400606"]

1. Nf3 Nf6 2. g3 b6 3. Bg2 Bb7 4. O-O e6 5. b3 Be7 6. Bb2 O-O 7. d3 d5 8. Nbd2 c5 9. e3 Nc6 10. Qe2 a5 11. a4 Qc7 12. Rad1 e5 13. c4 Rad8 14. Ne1 Nb4 15. cxd5 Bxd5 16. Bxd5 Nfxd5 17. Nc4 Nc6 18. Nc2 Rfe8 19. N2a3 Bf8 20. Nb5 Qb8 21. Qf3 f6 22. h4 Ncb4 23. e4 Nc7 24. Nxc7 Qxc7 25. h5 Qc6 26. Rd2 Qe6 27. Kg2 Nc6 28. g4 h6 29. Qf5 Rb8 30. Qxe6+ Rxe6 31. Ra1 Nd4 32. Ra3 Ree8 33. Kg3 Ne6 34. Kf3 Red8 35. Ke3 Rd7 36. Ra1 Nf4 37. f3 Bd6 38. Rc1 Bc7 39. Rc3 Bd8 40. Rd1 Bc7 41. Bc1 Rbd8 42. Nb2 Rb8 43. Kf2 Ne6 44. Be3 Bd8 45. Nc4 Bc7 46. Na3 Rbd8 47. Nb5 Kf7 48. Ke2 Bb8 49. Rc2 Rc8 50. Rf1 Rcd8 51. Rd2 Bd6 52. Rdd1 Bb8 53. Nc3 Nd4+ 54. Bxd4 Rxd4 55. Rd2 Ke6 56. Nb5 R4d7 57. Na3 Bc7 58. Nc4 Rb8 59. Kd1 Bd6 60. Kc2 Bc7 61. Kc3 b5 62. axb5 Rxb5 63. Ra2 Rd8 64. Rb1 Rdb8 65. Ne3 Rd8 66. Ra4 Rb4 67. Nd5 Rxd5 68. exd5+ Kxd5 69. Rxb4 cxb4+ 70. Kd2 Bb6 71. Rc1 Bc5 72. Rc4 Kd6 73. f4 Kd5 74. fxe5 fxe5 75. Kc2 Kd6 76. Re4 Kd5 77. Re1 Be7 78. Re2 Bc5 79. Re4 Bd6 80. Kd2 Be7 81. Ke2 Bc5 82. Rc4 Kd6 83. g5 Kd5 84. g6 Kd6 85. Rc1 Ke6  1-0

[Event "Skakligaen"]
[Site "Danmark"]
[Date "2019.02.24"]
[Round "7.6"]
[White "Nordenbaek, Jan"]
[Black "Salomon, Johan"]
[Result "0-1"]
[WhiteElo "2188"]
[BlackElo "2490"]
[EventDate "2018.10.27"]
[EventType "team-tourn"]
[EventRounds "9"]
[EventCountry "Danmark"]
[WhiteTeam "Hillerod"]
[BlackTeam "Koge"]
[WhiteTeamCountry "DEN"]
[BlackTeamCountry "DEN"]
[WhiteFideId "1401475"]
[BlackFideId "1509500"]

1. e4 e5 2. Nf3 Nc6 3. c3 d5 4. Qa4 f6 5. Bb5 Nge7 6. exd5 Qxd5 7. O-O e4 8. Nd4 Bd7 9. Nxc6 Bxc6 10. Bxc6+ Nxc6 11. Re1 f5 12. d4 Be7 13. Nd2 O-O 14. Qb3 Qxb3 15. axb3 Bf6 16. b4 a5 17. b5 Na7 18. Rxa5 b6 19. Ra4 Nxb5 20. Rxa8 Rxa8 21. f3 exf3 22. Nxf3 Ra2 23. Ne5 Nd6 24. Nd3 Kf7 25. Bf4 g5 26. Bxd6 cxd6 27. Re2 h5 28. Kf2 h4 29. Nb4 Ra5 30. Nc6 Ra4 31. Ke3 Ra1 32. Kf2 g4 33. Re1 Ra2 34. Re2 Ra1 35. Re1 Ra2 36. Re2 Ra4 37. Kf1 Bg5 38. g3 h3 39. Nb4 f4 40. Kf2 Ra1 41. gxf4 Bh4+ 42. Ke3 g3  0-1

[Event "Skakligaen"]
[Site "Danmark"]
[Date "2019.02.24"]
[Round "7.7"]
[White "Ahlander, Bjorn"]
[Black "Svenninggaard, Thomas"]
[Result "1-0"]
[WhiteElo "2426"]
[BlackElo "2124"]
[EventDate "2018.10.27"]
[EventType "team-tourn"]
[EventRounds "9"]
[EventCountry "Danmark"]
[WhiteTeam "Koge"]
[BlackTeam "Hillerod"]
[WhiteTeamCountry "DEN"]
[BlackTeamCountry "DEN"]
[WhiteFideId "1700251"]
[BlackFideId "1406302"]

1. d4 d6 2. Nf3 Nf6 3. c4 g6 4. Nc3 Bg7 5. e4 O-O 6. Be2 b6 7. O-O Bb7 8. d5 a5 9. Re1 Na6 10. h3 Nc5 11. Bf1 Nfd7 12. Qc2 e5 13. b3 f5 14. Rb1 Nxe4 15. Nxe4 fxe4 16. Ng5 Nc5 17. Nxe4 Nxe4 18. Rxe4 Bc8 19. Bd3 Bf5 20. Re2 Qh4 21. Be4 Rf7 22. Bd2 Bh6 23. Be1 Raf8 24. a3 Qe7 25. b4 axb4 26. axb4 Ra8 27. f3 Rff8 28. Bf2 Ra3 29. c5 bxc5 30. bxc5 Bxe4 31. Rxe4 Bf4 32. cxd6 cxd6 33. Qc6 Rf7 34. Reb4 Qc7 35. Qe8+ Kg7 36. Rb6 Rc3  1-0

[Event "Skakligaen"]
[Site "Danmark"]
[Date "2019.02.24"]
[Round "7.8"]
[White "Andersen, Ib Hother"]
[Black "Percivaldi, Martin"]
[Result "0-1"]
[WhiteElo "2155"]
[BlackElo "2389"]
[EventDate "2018.10.27"]
[EventType "team-tourn"]
[EventRounds "9"]
[EventCountry "Danmark"]
[WhiteTeam "Hillerod"]
[BlackTeam "Koge"]
[WhiteTeamCountry "DEN"]
[BlackTeamCountry "DEN"]
[WhiteFideId "1407210"]
[BlackFideId "1508148"]

1. d4 d5 2. c4 c6 3. cxd5 cxd5 4. Nc3 Nf6 5. Nf3 Nc6 6. Bf4 a6 7. e3 Bg4 8. Be2 e6 9. Rc1 Be7 10. h3 Bh5 11. O-O O-O 12. a3 Rc8 13. b4 a5 14. b5 Nb8 15. Qb3 Ne4 16. g4 Bg6 17. Nxe4 Bxe4 18. Nd2 Bg6 19. Rc3 Rxc3 20. Qxc3 b6 21. Bc7 Qc8 22. Rc1 Nd7 23. Nf3 a4 24. Bg3 Qa8 25. Ne1 Nf6 26. f3 Rd8 27. Nd3 Bxd3 28. Bxd3 Ne8 29. Kf2 h6 30. Ke2 Kf8 31. Rc2 Qa7 32. Kd1 Nd6 33. Qb2 Rd7 34. Be1 Rc7 35. Bb4 Nc4 36. Bxc4 Rxc4 37. Rxc4 dxc4 38. Kd2 Kg8 39. Kc3 Bh4 40. Qe2 Qc7 41. f4 Qb7 42. e4 Qc7 43. e5 Qb7 44. Qxc4 Qf3+ 45. Kb2 Qxh3 46. Qc8+ Kh7 47. Qc2+ g6 48. Qxa4 Qxg4 49. Bd2 Bf2 50. Qb4 h5 51. Qd6 Qe2 52. Kc3 Qxb5 53. f5 Qa5+ 54. Kc2 Qa4+ 55. Kc3 gxf5 56. Qxb6 Qxa3+ 57. Kc2 Qg3 58. Qd8 f4 59. Qf6 Qg6+  0-1

[Event "Skakligaen"]
[Site "Danmark"]
[Date "2019.02.24"]
[Round "7.1"]
[White "Rostgaard, Tobias Valentin"]
[Black "Hector, Jonny"]
[Result "1-0"]
[WhiteElo "2388"]
[BlackElo "2468"]
[EventDate "2018.10.27"]
[EventType "team-tourn"]
[EventRounds "9"]
[EventCountry "Danmark"]
[WhiteTeam "BMS"]
[BlackTeam "Nordkalotten"]
[WhiteTeamCountry "DEN"]
[BlackTeamCountry "DEN"]
[WhiteFideId "1408801"]
[BlackFideId "1700090"]

1. d4 d5 2. c4 e6 3. Nf3 c6 4. e3 Nf6 5. Nbd2 c5 6. Be2 Nc6 7. O-O cxd4 8. exd4 Bd6 9. c5 Bc7 10. Bb5 O-O 11. Re1 Bd7 12. Rb1 Nb4 13. Bxd7 Qxd7 14. Qb3 Nc6 15. Qc3 b6 16. Ne5 Nxe5 17. dxe5 d4 18. Qd3 Nd5 19. Qxd4 bxc5 20. Qg4 f5 21. exf6 Rxf6 22. Ne4 Rg6 23. Qe2 c4 24. h4 Bf4 25. h5 Rxg2+ 26. Kxg2 Bxc1 27. Qg4 Bh6 28. Nc5 Qf7 29. Kg1 Nf4 30. Nxe6 Nxh5 31. Rbd1 Nf6 32. Qg2 Rc8 33. Nd8 Qf8 34. Nc6 Kh8 35. Nxa7 Rc5 36. Nc6 Rxc6 37. Qxc6 Bf4 38. Qb6 Ng8 39. Rd8 Qf5 40. Ree8 Qg4+ 41. Kf1 Qh3+ 42. Ke2  1-0

[Event "Skakligaen"]
[Site "Danmark"]
[Date "2019.02.24"]
[Round "7.2"]
[White "Jepson, Christian"]
[Black "Haubro, Martin"]
[Result "0-1"]
[WhiteElo "2391"]
[BlackElo "2358"]
[EventDate "2018.10.27"]
[EventType "team-tourn"]
[EventRounds "9"]
[EventCountry "Danmark"]
[WhiteTeam "Nordkalotten"]
[BlackTeam "BMS"]
[WhiteTeamCountry "DEN"]
[BlackTeamCountry "DEN"]
[WhiteFideId "1701185"]
[BlackFideId "1414291"]

1. d4 d5 2. Nf3 Nf6 3. c4 e6 4. g3 dxc4 5. Bg2 Nbd7 6. O-O Be7 7. Nbd2 Nb6 8. Nxc4 Nxc4 9. Qa4+ Bd7 10. Qxc4 Bc6 11. Bf4 O-O 12. Rfe1 Bd6 13. Bg5 h6 14. Bxf6 Qxf6 15. e4 e5 16. b4 a6 17. dxe5 Bxe5 18. Nxe5 Qxe5 19. f4 Qb5 20. Qc3 Rad8 21. Rad1 Rfe8 22. Rd2 a5 23. bxa5 Rxd2 24. Qxd2 Ra8 25. e5 Bxg2 26. Kxg2 Qxa5 27. Re2 Qb5 28. f5 Re8 29. Qe3 Qd5+ 30. Qf3 Rxe5 31. Rxe5 Qxe5 32. Qxb7 Qxf5 33. Qb8+ Kh7 34. Qxc7 Qd5+ 35. Kg1 Qxa2 36. Qf4 Qb1+ 37. Kg2 Qc2+ 38. Kg1 Qb1+ 39. Kg2 f5 40. Qd6 Qe4+ 41. Kg1 h5 42. h4 f4 43. gxf4 Qg6+ 44. Qxg6+ Kxg6 45. Kf2 Kf5 46. Kf3 g6 47. Ke3 Kg4 48. Ke4 Kxh4 49. Kf3 Kh3 50. f5 gxf5  0-1

[Event "Skakligaen"]
[Site "Danmark"]
[Date "2019.02.24"]
[Round "7.3"]
[White "Sahl, Bjarke"]
[Black "Kristensen, Kaare Hove"]
[Result "1/2-1/2"]
[WhiteElo "2322"]
[BlackElo "2254"]
[EventDate "2018.10.27"]
[EventType "team-tourn"]
[EventRounds "9"]
[EventCountry "Danmark"]
[WhiteTeam "BMS"]
[BlackTeam "Nordkalotten"]
[WhiteTeamCountry "DEN"]
[BlackTeamCountry "DEN"]
[WhiteFideId "1400231"]
[BlackFideId "1400940"]

1. d4 d5 2. Nf3 Nf6 3. c4 c6 4. e3 Bg4 5. h3 Bxf3 6. Qxf3 e6 7. Bd3 Bb4+ 8. Bd2 Bxd2+ 9. Nxd2 O-O 10. O-O Nbd7 11. Qe2 c5 12. cxd5 Nxd5 13. Nb3 Rc8 14. Rad1 Qe7 15. Rd2 Rc7  1/2-1/2

[Event "Skakligaen"]
[Site "Danmark"]
[Date "2019.02.24"]
[Round "7.4"]
[White "Sylvan, Jacob"]
[Black "Jacobsen, Mikkel Manosri"]
[Result "0-1"]
[WhiteElo "2330"]
[BlackElo "2285"]
[EventDate "2018.10.27"]
[EventType "team-tourn"]
[EventRounds "9"]
[EventCountry "Danmark"]
[WhiteTeam "Nordkalotten"]
[BlackTeam "BMS"]
[WhiteTeamCountry "DEN"]
[BlackTeamCountry "DEN"]
[WhiteFideId "1402137"]
[BlackFideId "1444514"]

1. c4 e6 2. g3 d5 3. Bg2 Nf6 4. Nf3 Be7 5. O-O O-O 6. d4 dxc4 7. e3 c5 8. Qe2 cxd4 9. exd4 b5 10. Ne5 Nd5 11. Nc3 b4 12. Nxd5 exd5 13. Qf3 Be6 14. Nxc4 Nc6 15. Ne5 Nxd4 16. Qd3 Nf5 17. Rd1 Qb6 18. b3 Bc5 19. Rd2 Bd4 20. Bb2 Bxb2 21. Rxb2 Rac8 22. Rd1 Rc3 23. Qe2 Nd4 24. Qd2 f6 25. Nd3 Bg4 26. Nxb4 Qxb4 27. Bxd5+ Ne6 28. Re1 Rfc8 29. Rxe6 Kh8 30. Rc6 R8xc6 31. Bxc6 h5 32. Rc2 Rxc6 33. Qxb4 Rxc2 34. Kg2 Rxa2 35. h3 Be6 36. Qb5 Bf7 37. g4 h4 38. g5 Rd2 39. gxf6 gxf6 40. Kf3 Rd5 41. Qb8+ Kg7 42. b4 Rd3+ 43. Kg4 Be6+ 44. Kf4 Bxh3 45. Qxa7+ Kg6 46. b5 Bg2 47. Qc5 Rf3+  0-1

[Event "Skakligaen"]
[Site "Danmark"]
[Date "2019.02.24"]
[Round "7.5"]
[White "Seegert, Kristian"]
[Black "Hove, Esben Kjems"]
[Result "0-1"]
[WhiteElo "2227"]
[BlackElo "2315"]
[EventDate "2018.10.27"]
[EventType "team-tourn"]
[EventRounds "9"]
[EventCountry "Danmark"]
[WhiteTeam "BMS"]
[BlackTeam "Nordkalotten"]
[WhiteTeamCountry "DEN"]
[BlackTeamCountry "DEN"]
[WhiteFideId "1405098"]
[BlackFideId "1401505"]

1. e4 c6 2. d4 d5 3. e5 Bf5 4. Nf3 e6 5. Be2 Nd7 6. O-O Ne7 7. Nbd2 Nc8 8. Nb3 Be7 9. Bd2 O-O 10. Re1 Qc7 11. Rc1 b5 12. Ba5 Qb8 13. a3 b4 14. Bxb4 Bxb4 15. axb4 Qxb4 16. Nh4 Bg6 17. Nxg6 hxg6 18. c3 Qb6 19. c4 a5 20. Nc5 Nxc5 21. dxc5 Qxb2 22. Qa4 Ne7 23. cxd5 exd5 24. Qg4 a4 25. Qd7 Nf5 26. Bg4 Nd4 27. Rb1 Qc2 28. e6 fxe6 29. Bxe6+ Kh7 30. Rf1 Rf6 31. Bh3 Qxc5 32. Rb7 Qf8 33. Qg4 Rf4 34. Qd1 a3 35. g3 Nf3+ 36. Kg2 Rf6 37. Rb1 a2 38. Ra1 Qb4 39. Qe2 Nd2 40. Rfe1 Qe4+ 41. f3 Qb4 42. Bg4 Nb3 43. Rxa2 Rxa2 44. Qxa2 Qxe1 45. Qxb3 Qe2+ 46. Kh3 d4 47. f4 Qb5 48. Qa3 c5 49. Qa8 c4 50. Qd8 Qc5 51. Bf3 Qd6 52. Qa8 c3  0-1

[Event "Skakligaen"]
[Site "Danmark"]
[Date "2019.02.24"]
[Round "7.6"]
[White "Nielsen, Lars Aaes"]
[Black "Vesterli, Michael E"]
[Result "0-1"]
[WhiteElo "2229"]
[BlackElo "2204"]
[EventDate "2018.10.27"]
[EventType "team-tourn"]
[EventRounds "9"]
[EventCountry "Danmark"]
[WhiteTeam "Nordkalotten"]
[BlackTeam "BMS"]
[WhiteTeamCountry "DEN"]
[BlackTeamCountry "DEN"]
[WhiteFideId "1401726"]
[BlackFideId "1417339"]

1. e4 c5 2. c3 Nf6 3. e5 Nd5 4. Nf3 d6 5. d4 e6 6. Bc4 Nb6 7. Bb3 Nc6 8. O-O Bd7 9. dxc5 dxc5 10. Qe2 Qc7 11. Rd1 O-O-O 12. a4 Na5 13. Bc2 Be7 14. Nbd2 f5 15. Nb3 Nd5 16. Nxa5 Qxa5 17. Bb3 Bc6 18. Ng5 Bxg5 19. Bxg5 Rd7 20. Bxd5 Bxd5 21. c4 Qa6 22. b3 h6 23. Qh5 Bc6 24. Be3 Qb6 25. Qg6 Re7 26. Rd6 Qxb3 27. Rxe6 Be8 28. Qxf5 Bd7 29. Rc6+ bxc6 30. Qe4 Qc3 31. Rb1 Rxe5 32. Bf4 Qc1+  0-1

[Event "Skakligaen"]
[Site "Danmark"]
[Date "2019.02.24"]
[Round "7.7"]
[White "Brorsen, Jacob Abildlund"]
[Black "Jakobsen, Peter"]
[Result "0-1"]
[WhiteElo "2127"]
[BlackElo "2237"]
[EventDate "2018.10.27"]
[EventType "team-tourn"]
[EventRounds "9"]
[EventCountry "Danmark"]
[WhiteTeam "BMS"]
[BlackTeam "Nordkalotten"]
[WhiteTeamCountry "DEN"]
[BlackTeamCountry "DEN"]
[WhiteFideId "1411233"]
[BlackFideId "1401440"]

1. e4 e5 2. Nf3 Nc6 3. Bb5 a6 4. Ba4 Nf6 5. d3 d6 6. c3 g6 7. O-O Bg7 8. Re1 O-O 9. h3 b5 10. Bb3 Bb7 11. Nbd2 Na5 12. Bc2 c5 13. Nf1 Nc6 14. Bg5 d5 15. Ne3 d4 16. Nd5 Qd6 17. Bxf6 Bxf6 18. Qd2 Bg7 19. cxd4 Nxd4 20. Nxd4 Bxd5 21. Ne2 Bxe4 22. Nc3 Bb7 23. Qe3 f5 24. Qe2 Kh8 25. Rac1 Rad8 26. Bb1 Rfe8 27. Qc2 Qc6 28. f3 Rc8 29. Qd2 Qd6 30. Rcd1 Rcd8 31. Qc2 Rc8 32. Qd2 Qd4+ 33. Kh1 Qh4 34. Kg1 Bc6 35. Bc2 Bb7 36. Bb3 Rcd8 37. Qf2 Qxf2+ 38. Kxf2 Bf6 39. Re2 Re7 40. Kg3 Red7 41. Bc2 Rd4 42. Kf2 Kg7 43. Rde1 c4 44. dxc4 Rxc4 45. Bb3 Rcd4 46. Rc1 Bh4+ 47. Kf1 Bf6 48. Kf2 Rc8 49. Rb1 b4 50. Na4 e4 51. Rd1 Rxd1 52. Bxd1 Rc1 53. Rd2 Bc6 54. Nb6 Bg5 55. Rd4 e3+ 56. Ke1 Bb5 57. Rxb4 e2 58. Rd4 Bh4+  0-1

[Event "Skakligaen"]
[Site "Danmark"]
[Date "2019.02.24"]
[Round "7.8"]
[White "Ejsing, Esben"]
[Black "Haubro, Sigfred"]
[Result "1-0"]
[WhiteElo "2149"]
[BlackElo "2119"]
[EventDate "2018.10.27"]
[EventType "team-tourn"]
[EventRounds "9"]
[EventCountry "Danmark"]
[WhiteTeam "Nordkalotten"]
[BlackTeam "BMS"]
[WhiteTeamCountry "DEN"]
[BlackTeamCountry "DEN"]
[WhiteFideId "1418572"]
[BlackFideId "1405420"]

1. e4 d5 2. exd5 Qxd5 3. Nf3 c6 4. d4 Bf5 5. Be2 e6 6. O-O Nf6 7. c4 Qa5 8. Bf4 Nbd7 9. Nc3 Be7 10. Qd2 Bb4 11. Qe3 O-O 12. h3 Rfe8 13. Nh4 Bg6 14. Nxg6 hxg6 15. a3 Bxc3 16. Qxc3 Qxc3 17. bxc3 e5 18. Be3 Ne4 19. Rfc1 Rad8 20. Bd3 Nd6 21. g4 b6 22. a4 e4 23. Be2 Nb7 24. c5 Na5 25. Bg5 f6 26. Bf4 Kh7 27. Rab1 Ra8 28. c4 Rac8 29. cxb6 axb6 30. g5 c5 31. d5 Nb7 32. a5 Nxa5 33. Bd1 Ne5 34. Bxe5 Rxe5 35. gxf6 e3 36. fxe3 Rxe3 37. Bg4 Rf8 38. fxg7 Kxg7 39. Rxb6 Re4 40. Re6 Rxc4 41. Ra1 Ra8 42. d6 Rd4 43. Kg2 c4 44. Rf1 Nc6 45. d7 Ra2+ 46. Kg3 Nd8 47. Re8 Ra3+ 48. Kh4 Nf7 49. Rxf7+ Kxf7 50. d8=Q Rxd8 51. Rxd8 c3 52. Rc8 Kf6 53. Rc5 Rb3 54. Bd1 Ra3 55. Bc2 g5+ 56. Kg4 Ra1 57. Rxc3 Rg1+ 58. Kh5 Rg2 59. Bd1 Rd2 60. Bg4 Rd6 61. Rf3+ Kg7 62. Bf5 Rb6 63. Kxg5 Kh8 64. Bg6 Rb5+ 65. Kh6 Rb8 66. h4 Rd8 67. h5 Rb8 68. Rf7 Rd8 69. Rh7+  1-0

[Event "Skakligaen"]
[Site "Danmark"]
[Date "2019.03.16"]
[Round "8.2"]
[White "Matthiesen, Martin"]
[Black "Rostgaard, Tobias Valentin"]
[Result "0-1"]
[WhiteElo "2251"]
[BlackElo "2388"]
[EventDate "2018.10.27"]
[EventType "team-tourn"]
[EventRounds "9"]
[EventCountry "Danmark"]
[WhiteTeam "SK1968"]
[BlackTeam "BMS"]
[WhiteTeamCountry "DEN"]
[BlackTeamCountry "DEN"]
[WhiteFideId "1404067"]
[BlackFideId "1408801"]

1. d4 Nf6 2. c4 e6 3. Nf3 Bb4+ 4. Nbd2 O-O 5. a3 Be7 6. e4 d6 7. Bd3 c5 8. d5 Nbd7 9. h3 e5 10. g4 Re8 11. Nf1 Nf8 12. Ng3 Ng6 13. g5 Nd7 14. Nh5 a6 15. Kf1 Ndf8 16. a4 Bd7 17. Kg2 f6 18. gxf6 Bxf6 19. Kh2 Nf4 20. Nxf4 exf4 21. Bxf4 Ng6 22. Bg3 Bxb2 23. Rb1 Bf6 24. Bxd6 Bxa4 25. Qxa4 Qxd6+ 26. Kg1 Nf4 27. Qd1 b5 28. cxb5 axb5 29. Rxb5 Ra1 30. Rb1 Rea8 31. Bc2 Rxb1 32. Bxb1 Ra1 33. Kh2 Be5 34. Nxe5 Qxe5 35. Qg4 Nxd5+ 36. Kg2 Nf4+ 37. Kh2 Ra3 38. Qc8+ Kf7 39. Qd7+ Kg6 40. Qf5+ Qxf5 41. exf5+ Kf6 42. Rd1 Rxh3+ 43. Kg1 Rc3 44. Rd6+ Ke5 45. Rb6 h5 46. Kh2 Rc4 47. Rb7 Rb4 48. Re7+ Kf6 49. Re1 h4 50. f3 Rb2+ 51. Kh1 Ne2  0-1

[Event "Skakligaen"]
[Site "Danmark"]
[Date "2019.03.16"]
[Round "8.4"]
[White "Matthiesen, Arne"]
[Black "Haubro, Martin"]
[Result "1/2-1/2"]
[WhiteElo "2290"]
[BlackElo "2358"]
[EventDate "2018.10.27"]
[EventType "team-tourn"]
[EventRounds "9"]
[EventCountry "Danmark"]
[WhiteTeam "SK1968"]
[BlackTeam "BMS"]
[WhiteTeamCountry "DEN"]
[BlackTeamCountry "DEN"]
[WhiteFideId "1403524"]
[BlackFideId "1414291"]

1. d4 d5 2. c4 e6 3. Nf3 Nf6 4. Nc3 c6 5. e3 Bd6 6. Be2 Nbd7 7. O-O O-O 8. b3 Ne4 9. Nxe4 dxe4 10. Nd2 f5 11. c5 Bc7 12. Nc4 Nf6 13. f3 Bd7 14. Qe1 Be8 15. Bd2 exf3 16. Bxf3 Bh5 17. Ba5 b6 18. cxb6 axb6 19. Bb4 Bxf3 20. Bxf8 Bxg2 21. Kxg2 Kxf8 22. Qe2 Kg8 23. a4 Ng4 24. h3 Nf6 25. Nd2 Qd6 26. Rh1 Qg3+ 27. Kf1 Nd5 28. Qf3 Nxe3+ 29. Ke2 Nc2 30. Qxg3 Bxg3 31. Rag1 Bf4 32. Nf3 b5 33. Kd3 Nb4+ 34. Kc3 Nd5+ 35. Kb2 bxa4 36. Ra1 Nb6 37. bxa4 Rxa4 38. Rxa4 Nxa4+ 39. Kb3 Nb6 40. Ra1 g5 41. Nxg5 Bxg5 42. Rg1 h6 43. h4 Kf7 44. hxg5 h5 45. g6+ Kg7 46. Re1 Kxg6 47. Rxe6+ Kg5 48. Rxc6 Nd7 49. Rc7 Nf6 50. Rg7+ Kf4 51. Rg6 Ne4 52. d5 h4 53. Kc4 h3 54. Rh6 Kg3 55. Kd4 h2 56. Ke5 Kg2 57. Kxf5 Nd6+ 58. Ke6 Nc4 59. d6 Nxd6 60. Kxd6 h1=Q 61. Rxh1 Kxh1  1/2-1/2

[Event "Skakligaen"]
[Site "Danmark"]
[Date "2019.03.16"]
[Round "8.5"]
[White "Sahl, Bjarke"]
[Black "Rewitz, Poul"]
[Result "1-0"]
[WhiteElo "2322"]
[BlackElo "2227"]
[EventDate "2018.10.27"]
[EventType "team-tourn"]
[EventRounds "9"]
[EventCountry "Danmark"]
[WhiteTeam "BMS"]
[BlackTeam "SK1968"]
[WhiteTeamCountry "DEN"]
[BlackTeamCountry "DEN"]
[WhiteFideId "1400231"]
[BlackFideId "1401033"]

1. e4 c5 2. Nf3 Nc6 3. c3 d5 4. exd5 Qxd5 5. d4 Bf5 6. Be3 Nf6 7. c4 Qd8 8. Nc3 cxd4 9. Nxd4 Nxd4 10. Qxd4 Qxd4 11. Bxd4 e6 12. a3 Bd6 13. h3 O-O 14. g4 Bc2 15. Bg2 Rac8 16. Bxa7 Rxc4 17. O-O h5 18. Rfc1 Bg6 19. g5 Nh7 20. Be3 Bf4 21. Nd5 Rxc1+ 22. Rxc1 Bxg5 23. Bxg5 Nxg5 24. Ne7+ Kh7 25. h4 Be4 26. hxg5 Bxg2 27. Kxg2 Rd8 28. Rc7 b6 29. Rb7 Rd6 30. b4 Rd3 31. a4 Ra3 32. Ra7 e5 33. b5 e4 34. a5 bxa5 35. b6 Rb3 36. b7 Rb2 37. g6+ fxg6 38. Nc6  1-0